Κινητό και ασύρματο επιχειρείν : τεχνολογίες, επιχειρηματικά θέματα, καινοτόμες εφαρμογές στην Ελλάδα
Αποθηκεύτηκε σε:
| Κύριος συγγραφέας: | |
|---|---|
| Μορφή: | Βιβλίο |
| Γλώσσα: | Greek |
| Δημοσίευση: |
Αθήνα :
Ι. Σιδέρης,
2004.
|
| Σειρά: | Βέλτιστες ελληνικές επιχειρηματικές πρακτικές
|
| Θέματα: | |
| Ετικέτες: |
Προσθήκη ετικέτας
Δεν υπάρχουν, Καταχωρήστε ετικέτα πρώτοι!
|
MARC
| LEADER | 00000cam a2200000 i 4500 | ||
|---|---|---|---|
| 001 | 1/69850 | ||
| 008 | 080110s2004 gr | ||| |||| ||gre|| | ||
| 020 | |a 9600803315 | ||
| 035 | |l 10093525 | ||
| 040 | |a GR-MyUa |b gre |e AACR2 | ||
| 041 | 0 | |a gre | |
| 082 | 7 | |a 384.5 |2 (23) | |
| 082 | 7 | |a 384.5065 |2 (22) | |
| 100 | 1 | |a Γιαγλής, Γεώργιος Μ. | |
| 245 | 1 | 0 | |a Κινητό και ασύρματο επιχειρείν : |b τεχνολογίες, επιχειρηματικά θέματα, καινοτόμες εφαρμογές στην Ελλάδα / |c Γεώργιος Μ. Γιαγλής. |
| 260 | |a Αθήνα : |b Ι. Σιδέρης, |c 2004. | ||
| 300 | |a 350 σ. : |b πίν., σχέδια, εικ. ; |c 21 εκ. | ||
| 490 | 1 | |a (Βέλτιστες ελληνικές επιχειρηματικές πρακτικές) | |
| 650 | 0 | |a Mobile communication systems |z Greece. | |
| 650 | 0 | |a Wireless communication systems. | |
| 650 | 0 | |a Technological innovations |z Greece. | |
| 650 | 0 | |a Business |x Communication systems |x Technological innovations. | |
| 830 | 0 | |a Βέλτιστες ελληνικές επιχειρηματικές πρακτικές | |
| 852 | |a INST |b LESVOS |e 20080110 |h 384.5065 ΓΙΑ |p 005100040512 |q 005100040512 |t BK |y 0 | ||
| 852 | |a INST |b LESVOS |e 20110727 |h 384.5065 ΓΙΑ |p 005100050103 |q 005100050103 |t BK |y 0 | ||
| 852 | |a INST |b LESVOS |e 20110725 |h 384.5065 ΓΙΑ |p 005100050129 |q 005100050129 |t BK |y 0 | ||
| 852 | |a INST |b RHODES |e 20131216 |h 384.5065 ΓΙΑ |p 005400035914 |q 005400035914 |t BK |y 0 | ||
| 852 | |a INST |b SAMOS |e 20150514 |h 384.5 ΓΙΑ |p 005300042177 |q 005300042177 |t BK |y 0 | ||
| 852 | |a INST |b SYROS |e 20140521 |h 384.5 ΓΙΑ |p 005500011431 |q 005500011431 |t BK |y 0 | ||
| 901 | |a BIBL5-2014-1 | ||
| 901 | |a BIBL1-2008-1 | ||
| 901 | |a BIBL1-2011-2 | ||
| 901 | |a BIBL4-2013-3 | ||
| 970 | |a Γιάλαμα |b Μαρία |z 10/01/2008 | ||